000 00348pab a2200157 454500
008 180718b2008 xxu||||| |||| 00| 0 eng d
100 _aPrasad, R. Siva
245 _aIs there a fiction?
260 _c2008
300 _ap.451-60.
362 _aOct-Dec
650 _aTribes
773 _aEastern Anthropologist
908 _aN
909 _a82227
999 _c82227
_d82227